Religious Minorities in Nepal (Record no. 11312)

MARC details
000 -LEADER
fixed length control field 00614nam a2200253 a 4500
020 ## - INTERNATIONAL STANDARD BOOK NUMBER
ISBN
082 00 - DEWEY DECIMAL CLASSIFICATION NUMBER
Classification number 305.629705496
Author Cutter DAS
100 ## - MAIN ENTRY--AUTHOR NAME
Author name Dastidar, Mollica
245 ## - TITLE STATEMENT
Title Religious Minorities in Nepal
260 ## - PUBLICATION, DISTRIBUTION, ETC. (IMPRINT)
Place of publication Delhi
Name of publisher Nirala Pub
Year of publication 1995
300 ## - PHYSICAL DESCRIPTION
Number of Pages 140p
500 ## - GENERAL NOTE
General note includes index and biblioraphy
505 2# - FORMATTED CONTENTS NOTE
Formatted contents note Glossary
650 ## - SUBJECT ADDED ENTRY--TOPICAL TERM
Topical Term Muslims-Nepal
650 ## - SUBJECT ADDED ENTRY--TOPICAL TERM
Topical Term Minorities-Nepal
942 ## - ADDED ENTRY ELEMENTS (KOHA)
Koha item type Books
700 1# -
-- Dastidar, Mollica
Holdings
Collection code Home library Current library Date acquired Cost, normal purchase price Full call number Accession Number Koha item type
  Henry Martyn Institute Library Henry Martyn Institute Library 03/28/2007 185.00 305.629705496 DAS 016347 Books
                   Copyright © 2026 | Henry Martyn Institute | Hyderabad | TS-500052 | INDIA | Implemented by hmi.edu.in
Hit-Count:

Powered by Koha